000
00311nam a2200121Ia 4500
005
20251222154420.0
008
251222s9999||||xx |||||||||||||| ||spa||
020
_a
84-7880-240-1
082
_a
641.594.5/S47
100
_a
"ShelaghRouth, Jonathan"
245
0
_a
Notas de cocina de Leonardo da Vinci
942
_c
LIB
999
_c
36002
_d
36002